000 01024nas a2200337 4500
001 BR0702650
003 BR-BrBNA
005 20231205110820.0
007 ta
008 230509b bl.|||p| |||| 00| 00por d
040 _aBR-BrBNA
_bpor
_cBiblioteca Nacional de Agricultura
041 _a(Pt)
072 _al72
100 1 _aSouza-Dantas, L.M. de
100 1 _aBastos, O.P.M.
100 1 _aBrener, B.
100 1 _aSalomão, M.
100 1 _aGuerrero, J.
100 1 _aLabarthe, N.V.
245 1 _aTécnica de centrífugo-flutuação com sulfato de zinco no diagnóstico de helmintos gastrintestinais de gatos domésticos
650 _aGATO
650 _aHELMINTO GASTRINTESTINAL
650 _aSULFATO DE ZINCO
650 _aDIAGNÓSTICO
650 _aINFECÇÃO
650 _aANÁLISE DE LABORATÓRIO
650 _aAUTÓPSIA
773 0 _tCiência Rural (Brazil)
_xISSN 0105-8478
_g(May-Jun 2007), v. 37(3) p. 904-906
_wBR0702650
909 _a202311
_bLúcia
_c55
_dLúcia Elande
942 _2AGRIS
_n0
_cANA
999 _c189208
_d189208